[Event "Spring Chess Classic 2017-B"]
[Site "Saint Louis"]
[Date "2017.05.17"]
[Round "2"]
[White "Ali Marandi, Cemil Can"]
[Black "Gelashvili, Tamaz"]
[Result "1-0"]
[WhiteElo "2479"]
[BlackElo "2563"]
[Annotator "TA"]
[PlyCount "77"]
[EventDate "2017.??.??"]
[EventType "tourn"]
[EventCountry "USA"]
[SourceTitle "playchess.com"]
[Source "ChessBase"]
[SourceQuality "1"]

{[%evp 9,77,62,58,43,48,43,68,37,42,39,37,26,23,34,31,27,19,15,30,-24,72,70,76,63,131,80,133,63,54,46,47,0,5,0,18,16,51,21,25,-48,112,130,162,158,253,253,418,111,109,103,145,95,115,115,175,102,970,952,1308,202,195,201,609,612,1216,1210,1212,1208,1300,535]} 1. d4 f5 2. Bg5 d5 3. e3 c6 4. c4 Nf6 5. Bxf6 exf6 6. Qb3 {A80: Dutch Defence: Unusual White second moves} (6. Nc3 Be6 7. cxd5 Bxd5 8. a3 Bf7 9. Nf3 Be7 10. Bd3 g6 11. h4 h5 12. Qc2 Nd7 13. O-O-O Qb6 {1-0 (60) Nisipeanu,L (2686)-Potapov,P (2482) Pardubice 2014}) 6... dxc4 7. Bxc4 Bd6 8. Ne2 $146 {White is slightly better.} ({Predecessor:} 8. Nf3 Nd7 9. Nc3 Qe7 10. Be6 Nb6 11. Bxc8 Rxc8 12. O-O Qf7 13. Qc2 Qe6 {½-½ (26) Lazarev-Savon,V Kiev 1963}) 8... Qe7 9. Nbc3 Nd7 10. Be6 Nb6 11. Bxc8 Rxc8 12. O-O-O Qf7 13. Qc2 g6 14. h4 ({White should play} 14. h3) 14... Qe6 (14... h5 $1 $11 {keeps the balance.}) 15. h5 $16 Kf7 16. Kb1 Nc4 (16... Rcd8 $14) 17. Ka1 (17. Qb3 $142) 17... b5 (17... Nb6 $142) 18. Nc1 ({White should try} 18. d5 $16 cxd5 19. Nd4 (19. Rxd5 Nxe3 20. fxe3 Qxd5 $15)) 18... Kg7 19. Nd3 a5 20. Rh4 g5 21. h6+ Kf7 22. Rhh1 a4 23. e4 Rhe8 ({Much worse is} 23... fxe4 $6 24. Nxe4 Bc7 25. Nec5 $16) 24. Rde1 (24. exf5 $11 Qxf5 25. Nxa4 $1 {[%mdl 512]}) 24... a3 $2 (24... Kg8 $15) 25. b3 Nb2 26. exf5 $1 Qxf5 (26... Qd7 $16) 27. Ne4 $1 $18 {[%cal Re4d6]} Bb8 $2 {[#]} (27... Rxe4 {was called for.} 28. Rxe4 Nxd3 29. Qxd3 Qg6) 28. Nxb2 $2 (28. Ne5+ $1 $18 {[%mdl 512] and the rest is easy.} Kg8 (28... Bxe5 29. Nd6+) 29. g4) 28... axb2+ $16 29. Kxb2 {Hoping for Nd6+!} Qg6 30. Re2 Red8 31. Qc5 Rd7 (31... Rd5 $16 32. Qb6 Kg8) 32. Rd1 (32. Rhe1 $1 $18 {Strongly threatening Nxg5+!} f5 33. Ng3) 32... Qxh6 $2 {[%mdl 8192]} (32... Rcd8 $16) 33. Qf5 $18 Rcd8 {[#]} 34. Rde1 $2 (34. Rh1 $1 {[%mdl 512]} Rd5 {[#]} (34... Qxh1 35. Nxf6) 35. Nxg5+ $1 {[%mdl 512]} (35. Rxh6 Rxf5 36. Rxh7+ Kg6 $16) 35... Qxg5 36. Qxh7+ Qg7 37. Re7+ $1 {[%mdl 512]} Kxe7 38. Qxg7+ Ke6 39. Re1+ Re5 40. dxe5 Bxe5+ 41. Kb1) 34... Qg6 35. Nxg5+ $1 Qxg5 $2 (35... Kg8 36. Qxg6+ hxg6) 36. Qxh7+ {White is clearly winning.} Kf8 {[#]} 37. Re8+ $1 {[%mdl 512]} Rxe8 38. Qh8+ Kf7 39. Qxe8+ {Precision: White = 33%, Black = 30%.} 1-0

[Event "Spring Chess Classic 2017-B"]
[Site "Saint Louis"]
[Date "2017.05.17"]
[Round "2"]
[White "Abdumalik, Zhansaya"]
[Black "Liang, Awonder"]
[Result "0-1"]
[WhiteElo "2420"]
[BlackElo "2488"]
[Annotator "TA"]
[PlyCount "84"]
[EventDate "2017.??.??"]
[EventType "tourn"]
[EventCountry "USA"]
[SourceTitle "playchess.com"]
[Source "ChessBase"]
[SourceQuality "1"]

{[%evp 25,84,7,22,0,17,-11,0,-14,-10,-7,0,-12,0,0,0,0,5,0,6,0,0,-4,0,0,0,-10,-8,0,0,-23,-30,-25,-22,-43,-40,-106,-90,-439,-428,-442,-435,-532,-535,-534,-304,-316,-312,-309,-320,-334,-335,-329,-284,-315,-314,-339,-304,-343,-329,-376,-376]} 1. e4 e5 2. Nf3 Nc6 3. Bb5 a6 4. Ba4 Nf6 5. O-O Be7 6. d3 b5 7. Bb3 d6 8. a4 Bd7 9. c3 {C84: Closed Ruy Lopez: Unusual White 6th moves} O-O (9... Na5 10. Ba2 bxa4 11. Nbd2 O-O 12. Re1 c5 13. Bb1 Qc7 14. Bc2 c4 15. Nxc4 Nxc4 16. dxc4 Qxc4 17. Bxa4 {½-½ (55) Topalov,V (2741)-Harikrishna,P (2755) Shamkir 2017}) 10. Re1 Na5 11. Bc2 c5 12. Nbd2 {[%cal Bb1d2,Bd2f1,Bf1e3][%mdl 32]} Nc6 13. Nf1 Re8 {LiveBook: 16 Games} 14. Bg5 h6 15. Bd2 (15. Bxf6 $5 Bxf6 16. axb5 axb5 17. Ne3 $11) 15... Bf8 $146 ({Predecessor:} 15... Be6 16. Ng3 Bf8 17. h3 d5 18. axb5 axb5 19. Rxa8 Qxa8 {1-0 (32) Bogdanovich,S (2581)-Sanal,V (2487) Moscow 2015}) 16. Ne3 Be6 17. Bb3 Qd7 18. h3 Reb8 (18... c4 $5 {[%cal Rc4b3]} 19. Bc2 (19. dxc4 Na5 $11) 19... cxd3 20. Bxd3 Na5 $11) 19. Bxe6 Qxe6 20. Qc2 Ne7 21. Kh2 Ng6 22. g3 Qd7 23. Bc1 Qc6 24. Qe2 Re8 25. Nd2 d5 26. exd5 Nxd5 27. Qf3 Rad8 28. axb5 axb5 29. Ra7 Re7 30. Ra5 {[#]} ({White should try} 30. Rxe7 $15 Ndxe7 31. Qe2) 30... e4 $1 $36 {[%cal Re4f3][%mdl 2560] Black is in control.} 31. Nxe4 $2 {[%mdl 8192]} (31. dxe4 $17 {nothing else works.} Ne5 32. Qg2 Nxe3 33. Rxe3) 31... Ne5 $1 $19 {[%csl LRd3,LRf3]} 32. Qg2 Nxd3 33. Rd1 Nxe3 34. Bxe3 Qxe4 35. Qxe4 Rxe4 36. Rxb5 c4 37. b3 cxb3 38. Rxb3 Ree8 39. Rb5 f6 40. Bb6 Rb8 41. c4 Ne5 42. Ba7 Ra8 {Precision: White = 27%, Black = 68%.} 0-1

[Event "Spring Chess Classic 2017-B"]
[Site "Saint Louis"]
[Date "2017.05.18"]
[Round "3"]
[White "Belous, Vladimir"]
[Black "Chirila, Ioan-Cristian"]
[Result "0-1"]
[WhiteElo "2587"]
[BlackElo "2536"]
[Annotator "TA"]
[PlyCount "40"]
[EventDate "2017.??.??"]
[EventType "tourn"]
[EventCountry "USA"]
[SourceTitle "playchess.com"]
[Source "ChessBase"]
[SourceQuality "1"]

{[%evp 12,40,0,-2,0,0,0,0,0,-11,-18,-22,-17,-77,-96,-82,-75,-135,-118,-270,-239,-719,-718,-920,-906,-865,-858,-841,-285,-832,-835]} 1. d4 Nf6 2. c4 g6 3. Nf3 Bg7 4. Nc3 d5 5. Bf4 O-O 6. e3 c5 7. dxc5 {[%cal Rc4d5]} Ne4 {D93: Grünfeld: 4 Nf3 Bg7 5 Bf4 0-0 6 e3} (7... Qa5 8. Rc1 dxc4 9. Bxc4 Qxc5 10. Bb3 Nc6 11. O-O Qa5 12. h3 Bf5 13. Qe2 Ne4 14. Nd5 e5 15. Bg5 Nxg5 16. Nxg5 Qd8 17. h4 h6 18. g4 Bd7 19. Ne4 f5 20. gxf5 Bxf5 21. Ne7+ Kh7 22. Nxf5 gxf5 {1-0 (52) Riazantsev,A (2671)-Kulaots,K (2556) Tallinn 2016}) 8. Rc1 Nd7 9. cxd5 Qa5 {[%cal Re4c3] The position is equal.} 10. Nd2 Nxc3 11. bxc3 Nxc5 12. e4 $146 (12. Qc2 $1 $11) ({Predecessor:} 12. Qc2 Na4 13. c4 Nc3 14. Nb3 Qb4 15. Qd2 Nxa2 16. Qxb4 Nxb4 {½-½ (66) Nadirashvili,S (2151)-Dounis,A (2298) Athens 2012}) 12... Bxc3 $17 13. f3 Bd7 14. Kf2 (14. Be3 $142) 14... f5 {[%cal Bf7f5,Bf5e4][%mdl 32]} 15. e5 $2 {[#]} (15. Nc4 $17 {was necessary.} Qxa2+ 16. Qc2 Qxc2+ 17. Rxc2) 15... Ne4+ $1 {[%mdl 512]} 16. fxe4 $2 (16. Nxe4 fxe4 17. d6) 16... fxe4 $19 17. Nc4 Rxf4+ 18. Kg3 {[#]} Qc5 $1 {[%csl Gf4][%cal Rc5f2][%mdl 512]} 19. h3 Qf2+ 20. Kh2 Rf3 {Precision: White = 38%, Black = 93%.} 0-1

[Event "Spring Chess Classic 2017-B"]
[Site "Saint Louis"]
[Date "2017.05.18"]
[Round "3"]
[White "Gelashvili, Tamaz"]
[Black "Fier, Alexandr"]
[Result "0-1"]
[WhiteElo "2563"]
[BlackElo "2569"]
[Annotator "TA"]
[PlyCount "88"]
[EventDate "2017.??.??"]
[EventType "tourn"]
[EventCountry "USA"]
[SourceTitle "playchess.com"]
[Source "ChessBase"]
[SourceQuality "1"]

{[%evp 14,88,22,18,14,0,0,-4,9,0,6,0,0,-3,0,-11,-16,-20,-14,-15,-13,-31,-21,-31,-20,-29,-19,-49,-25,-36,-34,-43,-32,-47,-47,-47,-31,-47,-37,-47,0,-37,0,-28,-33,-31,-29,-38,0,-39,0,-44,-47,-91,-65,-117,-96,-96,-86,-81,-83,-101,-100,-100,-85,-108,-99,-391,-376,-367,-360,-29995,-29996,-29996,-29997,-29997,-62]} 1. Nf3 Nf6 2. e3 c5 3. d4 g6 4. dxc5 Qa5+ 5. c3 Qxc5 6. b4 {A48: 1 d4 Nf6 2 Nf3 g6: Torre, London and Colle Systems} Qc7 7. Bb2 Bg7 8. c4 {LiveBook: 4 Games. The position is equal.} (8. Be2 O-O 9. O-O b6 10. a3 Bb7 11. Nbd2 d6 12. c4 Nbd7 13. Nd4 Rac8 {½-½ (21) Grachev,B (2683)-Zvjaginsev,V (2659) Khanty-Mansiysk 2013}) 8... a5 9. b5 O-O 10. Nc3 $146 ({Predecessor:} 10. Be2 b6 11. Nbd2 Bb7 {½-½ (35) Amin,A (2244)-Abdel Razik,K (2418) Cairo 2015}) 10... d6 11. Rc1 Nbd7 (11... a4 $5) 12. Nd5 Nxd5 13. cxd5 Qb6 14. Bxg7 Kxg7 15. Qd4+ Qxd4 16. Nxd4 Nc5 17. f3 Bd7 18. Kd2 f5 19. g3 Rfc8 20. Bg2 a4 21. Rc3 Kf6 22. Rhc1 a3 23. f4 Ra4 24. Rb1 Rca8 25. b6 R4a6 26. Rb4 Ra4 27. Rb1 R4a6 28. Bf3 h6 29. Rb4 Ra4 30. Rb1 R4a6 31. Rb4 Ra4 32. Rb1 g5 33. Nc6 Be8 $36 {[%mdl 2048] White is under pressure.} 34. Nb4 (34. Ne5 $15) 34... Bf7 35. Nd3 Ne4+ 36. Bxe4 fxe4 37. fxg5+ hxg5 38. Nb4 {[#]} R8a5 $1 39. Rc7 {[#]} Rb5 $1 {[%cal Rb5b4]} 40. Rf1+ $2 {[%mdl 8192]} (40. Kc3 $17 {was the only defense.} Bxd5 41. Nxd5+ Rxd5 42. Kc2) 40... Kg6 $19 41. Rxe7 Raxb4 42. Rfxf7 $2 (42. Rexf7 $19 Rb2+ 43. Kc1) 42... Rb2+ {Black mates.} 43. Kc1 Rb1+ 44. Kc2 R5b2+ {Precision: White = 36%, Black = 73%.} 0-1

[Event "Spring Chess Classic 2017-B"]
[Site "Saint Louis"]
[Date "2017.05.18"]
[Round "3"]
[White "Chandra, Akshat"]
[Black "Lenderman, Alex"]
[Result "1/2-1/2"]
[WhiteElo "2495"]
[BlackElo "2587"]
[Annotator "TA"]
[PlyCount "80"]
[EventDate "2017.??.??"]
[EventType "tourn"]
[EventCountry "USA"]
[SourceTitle "playchess.com"]
[Source "ChessBase"]
[SourceQuality "1"]

{[%evp 27,80,20,22,14,11,6,21,5,21,0,5,0,0,-1,0,-1,-8,-5,35,0,13,0,0,0,0,0,0,0,0,0,0,0,0,0,0,0,4,0,8,0,0,0,0,0,0,0,0,0,0,0,0,0,0,0,0]} 1. d4 d5 2. c4 c6 3. cxd5 cxd5 4. Bf4 Nf6 5. Nc3 Nc6 6. e3 a6 7. Bd3 Bg4 8. Nge2 e6 9. O-O Bd6 10. f3 {D10: Slav Defence: 3 cxd5 (without early Nf3) and 3 Nc3} Bh5 11. Rc1 Bg6 12. Na4 Bxd3 13. Qxd3 Bxf4 14. Nxf4 O-O {LiveBook: 7 Games} 15. Nc5 Qe7 16. Qd2 Rfd8 17. Nfd3 {[#]} Rac8 $146 18. Rc3 Ne8 19. Na4 Na7 20. Rfc1 Nd6 21. Nb6 Rxc3 22. Qxc3 h6 23. Ne5 (23. Qc7 $5 {[%cal Rc7e7]} Qf6 24. a4 $14) 23... Nac8 {The position is equal.} (23... Nab5 {is more complex.} 24. Qe1 Nf5 25. g4 Nh4 26. Qf2 Nd6) 24. Nxc8 (24. Na4 {is interesting.} Qg5 25. Qe1 Qe7 26. Qa5 Qg5 27. f4) 24... Rxc8 25. Qe1 Qe8 26. b3 Nf5 27. Kf2 Qd8 28. g3 Nd6 29. Nd3 Rxc1 30. Qxc1 Qa5 31. Qc2 g6 32. Ke2 Kg7 33. Qd2 Qd8 34. Qb4 h5 35. Ne5 Nb5 36. a4 Nd6 37. Qc5 Nf5 38. Qc3 Qb6 39. Nd3 Nd6 40. Qb4 Qxb4 {Precision: White = 49%, Black = 74%.} 1/2-1/2

[Event "Spring Chess Classic 2017-B"]
[Site "Saint Louis"]
[Date "2017.05.18"]
[Round "3"]
[White "Liang, Awonder"]
[Black "Ali Marandi, Cemil Can"]
[Result "1-0"]
[WhiteElo "2488"]
[BlackElo "2479"]
[Annotator "TA"]
[PlyCount "111"]
[EventDate "2017.??.??"]
[EventType "tourn"]
[EventCountry "USA"]
[SourceTitle "playchess.com"]
[Source "ChessBase"]
[SourceQuality "1"]

{[%evp 19,111,43,54,39,75,83,72,77,70,64,152,149,154,168,233,228,220,140,142,145,172,124,125,109,112,100,107,100,100,103,108,106,102,110,112,102,122,124,134,122,181,167,163,130,170,165,161,169,189,184,186,189,163,177,203,187,195,128,127,121,122,115,345,279,500,501,504,482,583,578,942,916,920,906,842,830,1060,1199,1315,1300,1174,1143,5920,4987,6422,6422,6422,6422,6422,6422,6422,6422,5497,4998]} 1. e4 e6 2. d4 d5 3. Nd2 Nc6 4. Ngf3 Nf6 5. e5 Nd7 6. c3 f6 7. Bb5 fxe5 8. dxe5 Be7 {C04: French Tarrasch: 3...Nc6} 9. Nd4 (9. O-O O-O 10. Re1 Qe8 11. Nf1 Nc5 12. Ng3 a5 13. Rb1 Bd7 14. Bf1 Nd8 15. Qc2 Bb5 16. c4 dxc4 17. Bxc4 Bxc4 18. Qxc4 {1-0 (36) Boguslavsky,O (2435)-Ponkratov,P (2595) Germany 2017}) 9... Nxd4 10. cxd4 O-O {LiveBook: 8 Games. White is slightly better.} 11. Qg4 c5 $146 ({Predecessor:} 11... Rf7 12. Bd3 c5 13. Nf3 cxd4 14. Qh5 g6 15. Bxg6 hxg6 16. Qxg6+ {0-1 (27) Pettersen,J (2013)-Mu,K (2302) Hastings 2014}) 12. Qxe6+ Kh8 13. Qxd5 cxd4 14. O-O (14. Qxd4 Bc5 $17) 14... Qc7 (14... a6 $14 15. Be2 Nc5 16. Qxd8 Rxd8) 15. Nf3 $1 $16 ({Much less strong is} 15. Qxd4 $6 Nxe5 16. Qc3 Qxc3 $14) 15... a6 16. Be2 Bc5 (16... d3 $142) 17. Qe4 $18 {Black must now prevent Ng5.} Qc6 18. Bd3 {[%csl Gd3][%cal Re4h7]} Qxe4 19. Bxe4 Ba7 20. Bg5 Re8 21. Bf4 Nc5 22. Bb1 Ne6 23. Bd2 Bd7 24. Be4 Nc5 25. Bd5 Be6 26. Bxe6 Nxe6 27. Rfd1 Rac8 28. Rac1 Kg8 29. Kf1 h6 (29... Bb8 $16 30. Ke2 Bc7) 30. Rxc8 Rxc8 31. Rc1 Rd8 32. Ne1 $1 d3 33. Rd1 Rd5 {[#]} 34. Bc3 $1 Nc5 35. f4 g5 {[#]} 36. g3 $1 gxf4 37. gxf4 Ne6 38. Ng2 ({Worse is} 38. Nxd3 Nxf4 39. Nf2 Kf7 $11) ({White should play} 38. Rxd3 $18 Nxf4 39. Rg3+ Kh7 40. Rf3) 38... Ng7 $16 39. Ke1 Nf5 40. Kd2 Nd4 $2 (40... Kf7 $16 {was necessary.} 41. Rf1 Ke6) 41. Kxd3 Nf3+ $2 (41... Nf5+ 42. Ke2 Rxd1 43. Kxd1 Bg1) 42. Kc2 $18 {White is clearly winning.} Rxd1 43. Kxd1 Nxh2 {[%mdl 4096] Endgame KBN-KBN} 44. Ke2 h5 45. f5 {[%cal Bf4f5,Bf5f6,Bf6f7][%mdl 32]} Bc5 46. e6 Ng4 47. f6 b5 48. Nf4 b4 49. f7+ ({And not} 49. e7 Kf7 $11) 49... Kh7 {[#]} 50. Bd4 $1 {[%mdl 512]} Bd6 (50... Bxd4 51. e7) 51. Nd3 Nh6 52. Bc5 Bxc5 53. Nxc5 Kg7 54. Nd7 Nxf7 55. exf7 Kxf7 56. Nb8 {Precision: White = 83%, Black = 37%.} 1-0

[Event "Spring Chess Classic 2017-B"]
[Site "Saint Louis"]
[Date "2017.05.18"]
[Round "3"]
[White "Paikidze, Nazi"]
[Black "Abdumalik, Zhansaya"]
[Result "0-1"]
[WhiteElo "2372"]
[BlackElo "2420"]
[Annotator "TA"]
[PlyCount "100"]
[EventDate "2017.??.??"]
[EventType "tourn"]
[EventCountry "USA"]
[SourceTitle "playchess.com"]
[Source "ChessBase"]
[SourceQuality "1"]

{[%evp 11,100,12,34,-3,0,-2,6,-12,-31,-45,-10,-1,8,-14,0,0,32,-32,-25,-35,-19,-18,10,-21,33,30,39,28,39,21,42,37,93,76,173,159,297,179,194,184,181,178,179,116,180,133,190,185,223,76,66,61,66,64,66,69,84,0,0,0,0,0,0,0,0,0,0,-25,-27,-33,-21,-21,-28,-137,-121,-569,-554,-531,-458,-1001,-1000,-663,-800,-1866,-1802,-6266,-6279,-6179,-6132,-29993,-29994]} 1. Nf3 Nf6 2. g3 g6 3. b3 Bg7 4. Bb2 O-O 5. Bg2 d5 6. c4 Nc6 {LiveBook: 20 Games. A05: Réti Opening: 1 Nf3 Nf6} (6... e6 7. O-O c5 8. cxd5 exd5 9. d4 Ne4 10. Nc3 Nc6 11. Na4 c4 12. bxc4 dxc4 13. Rc1 b5 14. Ne5 Nxe5 15. Bxe4 {1-0 (37) Carlsen,M (2838)-Salem,A (2652) chess.com INT 2017}) 7. d3 Re8 8. cxd5 Nxd5 $146 {The position is equal.} ({Predecessor:} 8... Qxd5 9. O-O Qa5 10. Nbd2 Bg4 11. h3 Bxf3 12. Nxf3 e5 13. a3 {1-0 (42) Faqiry,R (1983)-Guenzler,R (1928) Germany 2013}) 9. d4 Ndb4 10. O-O Bf5 11. Na3 Be4 12. e3 a5 13. Nc4 a4 14. Ne1 (14. bxa4 $14 Bd3 15. Qb3) 14... Bxg2 $15 15. Nxg2 {[%cal Be1g2,Bg2f4,Bf4d3,Bd3f4][%mdl 32]} b5 {...axb3 is the strong threat.} 16. Na3 Qd5 17. Qe2 Rab8 (17... axb3 $6 18. Nxb5 Qd7 19. axb3 $14) (17... Reb8 $11) 18. Nf4 Qd7 19. Rfd1 axb3 20. axb3 Nd5 21. Nd3 Qh3 (21... e5 $14) 22. Rac1 $16 Rb6 (22... Ncb4 $16 {was worth a try.}) 23. e4 $36 {[%mdl 2048] White is on the roll.} Nf6 (23... Ndb4 $16 24. Nxb4 Nxb4 25. Rxc7 (25. Nxb5 Qd7 $16) 25... Na6) 24. Nf4 Qd7 25. d5 ({Don't take} 25. Nxb5 $6 Reb8 $16) 25... Nb4 26. Nc2 Nxc2 27. Qxc2 ({White should try} 27. Rxc2 $18 Ra8 28. Nd3) 27... g5 (27... Bh6 $16) 28. Bxf6 gxf4 (28... Bxf6 $16 29. Nd3 Rc8) 29. Bxg7 Qh3 {( -> ...f3)} 30. Qc3 (30. Rd3 $1 $18 Kxg7 31. gxf4) 30... b4 $16 31. Qf3 Kxg7 32. Rxc7 Rh6 33. Qg2 {Threatens to win with Qxh3.} Qh5 $1 {[%cal Rh5d1]} 34. f3 (34. Rcc1 $16) 34... fxg3 $11 35. hxg3 Ra8 36. Rc2 ({Don't go for} 36. Rxe7 $2 Ra2 $3 $19 {[%mdl 512]}) 36... Ra3 37. Rb2 Rg6 38. g4 Qe5 39. Qd2 (39. Qf2 $5 {[%cal Rf2d4]}) 39... Qg3+ 40. Qg2 Qf4 {[%mdl 1024] Black has compensation.} 41. Kf2 $1 Qe5 42. Kf1 {[#]} (42. Ke3 $1 $11 {was the only way to keep the balance.}) 42... h5 $1 $17 43. Rf2 $2 {[%mdl 8192]} (43. g5 $17 {is tougher.}) 43... Ra1 $19 44. Rfd2 hxg4 45. fxg4 (45. f4 $142 Qxf4+ 46. Ke2) 45... Rxd1+ 46. Rxd1 {KQR-KQR} Qf4+ 47. Qf2 Qxg4 48. Qd4+ Rf6+ 49. Ke1 {[#]} Qg2 $1 50. d6 {[#]} e5 $1 {[%mdl 512] Precision: White = 45%, Black = 58%.} 0-1

[Event "Spring Chess Classic 2017-B"]
[Site "Saint Louis"]
[Date "2017.05.19"]
[Round "4"]
[White "Lenderman, Alex"]
[Black "Gelashvili, Tamaz"]
[Result "1/2-1/2"]
[WhiteElo "2587"]
[BlackElo "2563"]
[Annotator "TA"]
[PlyCount "80"]
[EventDate "2017.??.??"]
[EventType "tourn"]
[EventCountry "USA"]
[SourceTitle "playchess.com"]
[Source "ChessBase"]
[SourceQuality "1"]

{[%evp 10,80,69,59,48,44,48,42,42,35,44,41,60,24,163,177,158,149,185,162,177,161,238,241,228,224,268,254,271,302,288,232,352,349,330,336,331,159,160,160,160,156,162,160,129,66,66,56,56,0,0,1,7,7,7,8,61,62,102,0,0,0,0,0,0,0,0,0,0,0,0,0,0]} 1. d4 b5 2. e4 a6 3. Nf3 Bb7 4. Bd3 e6 5. O-O c5 6. c3 d5 {B00: Queen's Fianchetto Defence, Nimzowitsch Defence} (6... Nf6 7. Re1 Qc7 8. a4 c4 9. Bc2 d5 10. e5 Ne4 11. Nbd2 Nxd2 12. Bxd2 h6 13. b4 cxb3 14. Bxb3 Nd7 15. axb5 axb5 {0-1 (65) Kasparov,G (2812)-Short,N (2698) Leuven 2011}) 7. exd5 Bxd5 $146 ({Predecessor:} 7... Qxd5 8. Be3 Nd7 9. Nbd2 Ngf6 10. c4 bxc4 11. Bxc4 Qh5 12. h3 Bd6 13. dxc5 Bxc5 14. Bxc5 Qxc5 {0-1 (45) Tobisch,J-Schmidt,D Nuremberg 1999}) 8. Bg5 Nf6 {White is slightly better.} 9. a4 c4 10. Be2 Nbd7 11. Ne5 Nxe5 (11... Qb8 $11) 12. dxe5 $18 h6 13. Bh4 g5 14. exf6 {And now Bg3 would win.} gxh4 {[#]} 15. Bf3 $1 Qxf6 (15... Rc8 $142 16. axb5 axb5) 16. Bxd5 exd5 17. axb5 (17. Qxd5 $6 Rd8 $16) 17... Qf5 18. Re1+ (18. Rxa6 $6 Rxa6 19. bxa6 Bc5 $18) 18... Kd7 {Threatening ...Bc5.} 19. Nd2 (19. bxa6 Bc5 $16) 19... Bc5 20. Nf3 (20. bxa6 Bxf2+ 21. Kh1 Bxe1 $17) 20... Rae8 (20... Rhe8 $142 21. Rxe8 (21. Rxa6 Rxe1+ 22. Qxe1 Rxa6 $14) 21... Kxe8 22. bxa6 Kf8) 21. Rxe8 (21. Rxa6 Rxe1+ 22. Qxe1 Re8 $14) 21... Rxe8 22. bxa6 {Threatens to win with Qa4+.} Kc7 {[#]} 23. Nd4 (23. h3 $1 $18) 23... Qe4 $16 24. h3 Bxd4 25. cxd4 {[%mdl 4096] Endgame KQR-KQR} Rg8 {[%csl Gg8][%cal Re4g2]} 26. f3 Qe3+ 27. Kf1 (27. Kh1 $16) 27... Kb8 $14 28. Ra5 Qg5 29. Qe2 (29. a7+ $1 $14 Ka8 30. Qc2) 29... Ka7 $11 30. Qc2 Re8 31. Ra1 {Strongly threatening Qa4.} Qe3 32. Qf5 {Threatening mate with Qd7+.} Qe6 (32... Qd3+ $11 33. Qxd3 cxd3) 33. Qh5 $40 {[%mdl 128] White mounts an attack.} Rb8 34. Qxh4 (34. Re1 $16 Qxa6 35. Kg1 (35. Qxf7+ Rb7 $11) (35. Qxd5 c3+ 36. Kg1 cxb2 $11)) 34... Rxb2 $11 {( -> ...Qe2+). The position is equal.} 35. Re1 Qd6 36. Re7+ Kxa6 37. Rxf7 Rb1+ 38. Kf2 {Black must now prevent Rf6.} Rb2+ 39. Kf1 {Rf6 is the strong threat.} Rb1+ 40. Kf2 {aiming for Rf6.} Rb2+ {Precision: White = 75%, Black = 62%.} 1/2-1/2